| 000 | 00652nam a2200205 i 4500 | ||
|---|---|---|---|
| 001 | 96201 | ||
| 003 | ES-MaACL | ||
| 005 | 20230906181850.0 | ||
| 007 | t| | ||
| 008 | 050613s1980 sp ||||1| spa d | ||
| 100 | 1 |
_aMadroñero Peláez, R. _9129324 |
|
| 245 | 1 | 3 |
_aLa Química orgánica en problemas / _cpor Ramón Madroñero Pelaez y E. F. Alvarez; con un prólogo del prof. M. Lora-Tamayo. |
| 250 | _a3ª ed. (1). | ||
| 260 |
_aMadrid : _bAlhambra, _c1980. |
||
| 300 |
_aXVI. 320 p. ; _c21 cm. |
||
| 500 | _a(1) Sexta reimp. | ||
| 700 | 1 |
_aAlvarez, E. F. _920625 |
|
| 700 | 1 |
_aLora-Tamayo, Manuel. _974059 |
|
| 852 |
_aES-MaACL _jL-588 _bR.101261 |
||
| 999 |
_c96201 _d96201 |
||